| 000 | 00339cam a22001217a 4500 | ||
|---|---|---|---|
| 008 | 180718b1978 xxu||||| |||| 00| 0 eng d | ||
| 082 | _aK Si64d | ||
| 100 | _aSingh, N.K. | ||
| 245 |
_aDimensions of personnel management _cby N.K. Singh |
||
| 260 |
_aNew Delhi _bSamkallen Prakashan _c1978 |
||
| 300 | _a276p. | ||
| 650 | _aPersonnel management | ||
| 999 |
_c353333 _d353333 |
||